Library Banner
Normal view MARC view

Entry Personal Name

Number of records used in: 1

001 - CONTROL NUMBER

  • control field: 3993

003 - CONTROL NUMBER IDENTIFIER

  • control field: PK-LaUMT

005 - DATE AND TIME OF LATEST TRANSACTION

  • control field: 20250103122304.0

008 - FIXED-LENGTH DATA ELEMENTS

  • fixed length control field: 250103|| aca||aabn | a|a d

040 ## - CATALOGING SOURCE

  • Original cataloging agency: PK-LaUMT
  • Transcribing agency: PK-LaUMT

100 ## - HEADING--PERSONAL NAME

  • Personal name: Ghulam Rasool Shah Khaki= غلام رسول شاہ خاکی

670 ## - SOURCE DATA FOUND

  • Source citation: Work cat.: (PK-LaUMT)136498: Ghulam Rasool Shah Khaki= غلام رسول شاہ خاکی, Kashkool i qalandria= کشکول قلندریہ/, NA